00367 2200145 4500001002100000008004100021035002000062245003900082100001800121260002800139300002000167082001100187650001000198990001300208INLIS000000000000611 ind  a0010-0322000611 aANAK BERUANG BELAJAR MANDIRIcIKHA aPUPUT MUGIATI aSURABAYAbCAHAYA AGENCY a24 hlm.c19 cm. a398.24 aFABEL a102826-1